[Event "30/move"]
[Site "?"]
[Date "2006.03.31"]
[Round "8"]
[White "Mephisto Miami"]
[Black "Mephisto Milano"]
[Result "0-1"]
[WhiteElo "1966"]
[BlackElo "2010"]
[PlyCount "148"]
[EventDate "2006.03.31"]
[EventType "tourn (rapid)"]
[EventRounds "20"]
[EventCountry "NED"]
[SourceDate "2006.03.12"]

1. d4 d5 2. c4 c6 3. Nf3 Nf6 4. cxd5 cxd5 5. Nc3 Nc6 6. Bf4 Bf5 7. e3 {
Miami letzter Buchzug} e6 {Milano letzter Buchzug} 8. Bd3 Bxd3 9. Qxd3 Nh5 ({RR
} 9... Bb4 10. O-O O-O 11. Bg5 Rc8 12. Rfc1 Be7 13. Qb5 {
1/2-1/2 Hort,V-Portisch,L/Tunis 1985/IZT}) ({RR} 9... Rc8 10. O-O Bd6 {
1/2-1/2 Winnig,B-Koksch,R/Friedrichroda 2003/EXT 2004}) 10. Bg5 Qb6 $146 ({RR} 
10... Be7 11. Bxe7 Qxe7 12. O-O O-O 13. Rac1 Rac8 14. a3 {
1/2-1/2 Franco Ocampos,Z-Romero Holmes,A/Leon 1989/EXT 97}) 11. Qe2 Bb4 12. O-O
h6 13. Bh4 O-O 14. Ne1 g6 15. Rc1 Rac8 16. Rc2 Ba5 17. Nd3 Qa6 18. Rfc1 f6 19.
Na4 Bb4 20. Nac5 Bxc5 21. Nxc5 Qxe2 22. Rxe2 g5 23. Bg3 b6 24. Nb3 Na5 25. Rec2
Rxc2 26. Rxc2 Nxb3 27. axb3 Nxg3 28. hxg3 f5 29. Rc6 Rf6 30. Kf1 Kf8 31. Rc8+
Kg7 32. Re8 Kg6 33. Re7 a5 34. Rb7 f4 35. gxf4 gxf4 36. Ke2 Kf5 37. Rxb6 Rg6
38. Kf3 fxe3 39. fxe3 Rg8 40. Rb5 Kg5 41. Rxa5 Rf8+ 42. Kg3 Kf5 43. b4 Ke4 44.
Ra6 Kxe3 45. Rxe6+ Kxd4 46. b5 Rb8 47. b6 h5 48. Rc6 Ke4 49. Kh4 d4 50. b4 Kd5
51. Rh6 d3 52. Rxh5+ Kd4 53. Rh6 d2 54. Rd6+ Ke3 55. Kg3 Rg8+ 56. Kh2 Rg6 57.
Rd7 Rxb6 58. Re7+ Kf2 59. Rf7+ Ke2 60. Re7+ Kd1 61. Rd7 Rxb4 62. g4 Rxg4 63.
Kh3 Rc4 64. Kg2 Ke2 65. Rd8 Ke3 66. Rxd2 Kxd2 67. Kf3 Kd3 68. Kg2 Ke3 69. Kg3
Rf4 70. Kg2 Rf3 71. Kg1 Rf2 72. Kh1 Kf4 73. Kg1 Kg3 74. Kh1 Rf1# {33:22 - 33:10
} 0-1

[Event "30/move"]
[Site "?"]
[Date "2006.03.31"]
[Round "9"]
[White "Mephisto Milano"]
[Black "Mephisto Miami"]
[Result "1-0"]
[WhiteElo "2010"]
[BlackElo "1966"]
[PlyCount "133"]
[EventDate "2006.03.31"]
[EventType "tourn (rapid)"]
[EventRounds "20"]
[EventCountry "NED"]
[SourceDate "2006.03.12"]

1. e4 c5 2. c3 d5 3. exd5 Qxd5 4. d4 Nc6 {Miami letzter Buchzug} 5. dxc5 {
Milano letzter Buchzug} Qxd1+ 6. Kxd1 Bg4+ ({RR} 6... Bf5 7. Be3 Nf6 8. Nf3
O-O-O+ 9. Nbd2 e6 10. Bb5 Nd5 11. Bxc6 bxc6 12. Ne5 Nxe3+ 13. fxe3 Bxc5 14. Re1
Bg6 15. b4 Bb6 16. Nxc6 Rd3 17. Ne7+ Kb7 18. Nxg6 Rhd8 19. Re2 Bxe3 20. Ne5
Rxd2+ 21. Ke1 {Sveshnikov,E-Martynov,P/Val Maubuee 1990/EXT 97/1/2-1/2 (68)} {
RR} Bf4 22. Nxf7 R8d7 23. g3 R2d3 24. gxf4 Rxf7 25. Rc1 Rxf4 26. Rxe6 Rc4 27.
Re7+ Kb6 28. Rxg7 Rcxc3 29. Rxc3 Rxc3 30. Rxh7 Ra3 31. Rd7 Rxa2 32. Rd2 Ra4 33.
Rb2 Ra3 34. Kf2 Rh3 35. Kg2 Rh8 36. b5 {
Sveshnikov,E-Martynov,P/Val Maubuee 1990/EXT 97/1/2-1/2 (68)}) ({RR} 6... Nf6
7. Be3 Nd5 8. Bb5 Bg4+ 9. Nf3 Nxe3+ 10. fxe3 e5 11. h3 Bxf3+ 12. gxf3 Bxc5 13.
Ke2 a6 14. Bxc6+ bxc6 15. Nd2 O-O-O 16. Nc4 Rhe8 17. e4 f5 18. Rad1 Rxd1 19.
Rxd1 fxe4 20. fxe4 Re6 21. Rf1 {
Pinkus,L-Bellan,I/Budapest 2003/CBM 94 ext/1-0 (56)} {RR} Rg6 22. Rf5 Rg3 23.
Rxe5 Bg1 24. h4 g6 25. Re8+ Kd7 26. Rh8 h5 27. Ra8 g5 28. hxg5 Rxg5 29. Rh8 Bh2
30. Ne3 Rb5 31. b3 Rg5 32. Kf3 Be5 33. Rh7+ Ke6 34. Rh6+ Kd7 35. c4 a5 36. Nf5
{Pinkus,L-Bellan,I/Budapest 2003/CBM 94 ext/1-0 (56)}) 7. f3 Rd8+ 8. Ke1 Bf5 9.
Be3 $146 ({RR} 9. Bb5 e5 10. b4 Nf6 11. Na3 a6 12. Bxc6+ bxc6 13. Nc4 Nd7 14.
Be3 Bd3 15. Na5 Nb8 16. Nh3 h6 17. Nf2 Bc2 18. Rc1 Ba4 19. Ke2 Be7 20. Nd3 Rxd3
21. Kxd3 f5 22. f4 Nd7 23. Rce1 Kf7 {
Amann,K-Welte,R/Waldshut 2002/EXT 2003/1-0 (39)} {RR} 24. Kd2 g5 25. fxe5 Ke6
26. c4 f4 27. Bd4 g4 28. h3 Bh4 29. Ref1 Bg5 30. Kc3 f3 31. gxf3 g3 32. Rhg1
Bf4 33. Rg2 Rg8 34. Kb2 Rg5 35. Ka3 Bc2 36. Rxc2 g2 37. Rg1 Rg3 38. Rgxg2 Rxf3+
{Amann,K-Welte,R/Waldshut 2002/EXT 2003/1-0 (39)}) 9... e6 10. Bb5 Be7 11. b3
Nf6 12. Ne2 Nd5 13. Bf2 O-O 14. Nd2 Bf6 15. Bxc6 bxc6 16. Bd4 Bh4+ 17. g3 Be7
18. Nc4 Bg5 19. Kf2 a6 20. Ne5 Ne7 21. f4 Bh6 22. Rad1 f6 23. Nf3 Bg4 24. h3
Bxf3 25. Kxf3 e5 26. Bf2 Rfe8 27. c4 Kf7 28. Rd6 e4+ 29. Kg2 Nf5 30. Rxc6 Rd2
31. Rc7+ Kg6 32. Re1 e3 33. g4 Bxf4 34. gxf5+ Kxf5 35. Rxg7 exf2 36. Nd4+ Rxd4
37. Rxe8 Bh6 38. Rxh7 Kg6 39. Ra7 Rf4 40. Kf1 Rd4 41. Rxa6 Rd2 42. Ra7 Bg5 43.
Re2 Rd3 44. Kxf2 Rxh3 45. Re8 Rh2+ 46. Kg3 Rc2 47. c6 Rc3+ 48. Kf2 Rc2+ 49. Re2
Bh4+ 50. Kf3 Rc3+ 51. Re3 Rxe3+ 52. Kxe3 Bg3 53. c7 Bxc7 54. Rxc7 Kg5 55. a4
Kf5 56. Re7 Kg5 57. Kf3 f5 58. Re6 f4 59. c5 Kf5 60. Re4 Kg5 61. Rxf4 Kg6 62.
c6 {# in 7} Kg5 63. c7 {# in 6} Kg6 64. c8=Q {# in 5} Kg7 65. Qe6 {# in 3} Kh7
66. Rf7+ {# in 2} Kg8 67. Qe8# {31:17 - 30:47} 1-0

[Event "30/move"]
[Site "?"]
[Date "2006.03.31"]
[Round "10"]
[White "Mephisto Miami"]
[Black "Mephisto Milano"]
[Result "1-0"]
[WhiteElo "1966"]
[BlackElo "2010"]
[PlyCount "125"]
[EventDate "2006.03.31"]
[EventType "tourn (rapid)"]
[EventRounds "20"]
[EventCountry "NED"]
[SourceDate "2006.03.12"]

1. d4 Nf6 2. Nf3 e6 3. e3 {Miami letzter Buchzug} c5 {Milano letzter Buchzug}
4. Bb5 $146 ({RR} 4. g3 b6 ({RR} 4... Be7 5. Bg2 O-O 6. O-O Qc7 7. b3 d6 8. c4
Re8 9. Bb2 Nbd7 10. Nc3 a6 11. Qe2 Bf8 12. Rfd1 Rb8 13. Rac1 b6 14. h3 Bb7 15.
d5 exd5 16. Nxd5 Bxd5 17. cxd5 Qd8 18. Nd2 b5 19. g4 {
Lodhi,M-Doghri,N/Istanbul 2000/EXT 2001/0-1 (54)} {RR} h6 20. Nf1 g6 21. Ng3
Nh7 22. f4 Bg7 23. Bxg7 Kxg7 24. Bf3 Kg8 25. Kg2 Qf6 26. Qd2 Qe7 27. Re1 b4 28.
Re2 a5 29. h4 a4 30. g5 axb3 31. axb3 Ra8 32. Rh1 Ra3 33. Qc2 hxg5 34. hxg5 {
Lodhi,M-Doghri,N/Istanbul 2000/EXT 2001/0-1 (54)}) ({RR} 4... d5 5. c4 cxd4 6.
exd4 Nc6 7. c5 Be7 8. Nc3 O-O 9. Bd3 b6 10. cxb6 axb6 11. O-O Ba6 12. a3 Bxd3
13. Qxd3 Na5 14. Nb5 Rc8 15. b3 Qd7 16. Ne5 Qb7 17. Bd2 Nc6 18. f3 Nxe5 19.
dxe5 {Hagenauer,J-Poetsch,H/Bad Zwesten 2003/CBM 92 ext/1-0 (73)} {RR} Nd7 20.
Rfe1 Nc5 21. Qb1 Qa6 22. a4 Rfd8 23. b4 Nd7 24. Qb2 Nb8 25. Rec1 Rxc1+ 26. Bxc1
Nc6 27. Bd2 Rc8 28. f4 Na7 29. Nd4 Qb7 30. Rc1 Nc6 31. Nxc6 Rxc6 32. Rc3 Qc7
33. Qc2 Rxc3 34. Qxc3 {
Hagenauer,J-Poetsch,H/Bad Zwesten 2003/CBM 92 ext/1-0 (73)}) 5. Bg2 Bb7 6. O-O
Be7 ({RR} 6... Qc7 7. b3 Be7 8. Bb2 O-O 9. c4 cxd4 10. Bxd4 Nc6 11. Bb2 d5 12.
Nbd2 Rac8 13. cxd5 Nxd5 14. a3 Ba6 15. Re1 Rfd8 16. Rc1 Qb8 17. b4 b5 18. Qe2
Nb6 19. Nd4 Nxd4 20. Bxd4 Bf8 21. Ne4 {
Mozna Hojdarova,E-Grinfeld,A/Prague 1992/TD/1/2-1/2 (46)} {RR} e5 22. Bc5 Na4
23. Bxf8 Kxf8 24. Qh5 h6 25. Rxc8 Rxc8 26. Rd1 Qc7 27. Bh3 Rd8 28. Rxd8+ Qxd8
29. Qxe5 Bb7 30. Qd6+ Qxd6 31. Nxd6 Bc6 32. Bg2 Bxg2 33. Kxg2 a6 34. Ne4 Ke7
35. Kf3 Ke6 36. Kf4 {Mozna Hojdarova,E-Grinfeld,A/Prague 1992/TD/1/2-1/2 (46)})
7. c4 Qc7 8. Qe2 d6 9. Nc3 O-O 10. Nb5 Qd7 11. b3 a6 12. Nc3 Re8 13. Rd1 cxd4
14. exd4 d5 15. Ne5 Qc7 16. Bf4 Bd6 17. Rac1 dxc4 18. Bxb7 Qxb7 {
Ferrua,P-Vaccaro,M/Pellestrina 1979/EXT 99/1-0 (48)} {RR} 19. bxc4 Bxe5 20.
Bxe5 Nbd7 21. Bf4 Rad8 22. Rb1 Qa7 23. Ne4 Nxe4 24. Qxe4 Rc8 25. Qe2 Nf6 26.
Be5 Nd7 27. Bf4 h6 28. Qg4 f5 29. Qe2 Nf6 30. Re1 Rc6 31. Rec1 Qe7 32. Qf3 Rec8
33. Qe2 Ne4 {Ferrua,P-Vaccaro,M/Pellestrina 1979/EXT 99/1-0 (48)}) 4... a6 5.
Bd3 d5 6. O-O c4 7. Be2 Bd6 8. b3 b5 9. a4 cxb3 10. axb5 bxc2 11. Qxc2 O-O 12.
Bd2 Re8 13. Ba5 Qe7 14. b6 Bb7 15. Rc1 Nc6 16. Qb3 Nd7 17. Nbd2 Nxa5 18. Rxa5
e5 19. Rc2 exd4 20. Nxd4 Qd8 21. Rb2 Bc5 22. Bg4 Re7 23. Bxd7 Bxd4 24. exd4
Re1+ 25. Nf1 Qxd7 26. Rc5 Qe8 27. Rc7 Bc6 28. Rb1 Bb5 29. b7 Rd8 30. Qb4 Rxb1
31. Qxb1 Qe6 32. Ne3 Re8 33. Qb3 Kf8 34. Qc3 Qe4 35. Qb4+ Kg8 36. Rc8 Qe6 37.
Rxe8+ Qxe8 38. Qd6 h5 39. b8=Q Qxb8 {Milano gibt auf} 40. Qxb8+ Kh7 41. Qb7 f6
42. Qf7 Bd3 43. Nxd5 Bg6 44. Nxf6+ Kh6 45. Qf8 a5 46. h4 Bf7 47. Qh8+ Kg6 48.
Nxh5 Kf5 49. Qf8 g6 50. Qxf7+ Ke4 51. Nf4 Kxd4 52. Qd5+ Kc3 53. Qxa5+ Kc4 54.
Qd5+ Kc3 55. Nxg6 Kc2 56. h5 Kb2 57. h6 Kc3 58. Ne5 Kb2 59. Qd2+ Kb3 60. h7 Ka4
61. h8=Q {# in 3} Kb5 {# in -2} 62. Qb8+ {# in 2} Kc5 {# in -1} 63. Qbb4# 1-0

[Event "30/move"]
[Site "?"]
[Date "2006.03.31"]
[Round "11"]
[White "Mephisto Milano"]
[Black "Mephisto Miami"]
[Result "1-0"]
[WhiteElo "2010"]
[BlackElo "1966"]
[PlyCount "117"]
[EventDate "2006.03.31"]
[EventType "tourn (rapid)"]
[EventRounds "20"]
[EventCountry "NED"]
[SourceDate "2006.03.12"]

1. e4 e5 2. Nf3 Nc6 3. Bb5 a6 4. Ba4 Nf6 5. O-O d6 6. Bxc6+ bxc6 {
Miami letzter Buchzug} 7. d4 Nxe4 8. Re1 {Milano letzter Buchzug} Bf5 $146 ({RR
} 8... f5 9. dxe5 d5 10. Nbd2 ({RR} 10. c4 Be6 11. Nc3 Bc5 12. Be3 Nxc3 13.
bxc3 Bxe3 14. Rxe3 dxc4 15. Nd4 Qd7 16. Qh5+ g6 17. Qg5 O-O 18. h4 c5 19. Ne2
Rae8 20. Nf4 Qe7 21. Qg3 Kh8 22. Rd1 Rg8 23. Qg5 Qxg5 24. hxg5 Rg7 {
Adams,M-Bellin,R/Kilkenny 1997/CBM 61 ext/1-0 (37)} {RR} 25. Kh2 Rge7 26. Kg3
Kg8 27. Nd5 Bxd5 28. Rxd5 Kf7 29. Rxc5 Ke6 30. Rxc4 Kd5 31. Rd4+ Kc5 32. f4 a5
33. Red3 c6 34. Kf3 Kb5 35. g4 fxg4+ 36. Kxg4 c5 37. a4+ {
1-0 Adams,M-Bellin,R/Kilkenny 1997/CBM 61 ext (37)}) ({RR} 10. Nd4 Bc5 11. c3
O-O 12. f3 Ng5 13. Kh1 Bxd4 14. Bxg5 ({RR} 14. cxd4 Ne6 15. Nc3 f4 16. b3 Bd7
17. Ba3 Rf5 18. g4 fxg3 19. hxg3 Rf4 20. gxf4 Qh4+ 21. Kg1 Qg3+ 22. Kh1 Nxf4
23. Qd2 Qxf3+ 24. Kh2 Qh3+ 25. Kg1 Qg3+ 26. Kh1 Qh3+ 27. Kg1 Qg3+ 28. Kh1 Bg4 {
Flamberg,A-Salwe,G/Lodz 1906/MainBase/0-1 (36)} {RR} 29. Re3 Bf3+ 30. Rxf3
Qxf3+ 31. Kg1 Qxc3 32. Qxc3 Ne2+ 33. Kg2 Nxc3 34. Rc1 Ne2 35. Rxc6 Nxd4 36.
Rxc7 Nb5 {0-1 Flamberg,A-Salwe,G/Lodz 1906/MainBase (36)}) 14... Qxg5 15. Qxd4
a5 16. Nd2 f4 17. Nb3 Rb8 18. Re2 Ba6 19. Rd2 Rbe8 20. Re1 Rf5 21. e6 Qh6 22.
Nc5 Rh5 23. Qg1 Bc8 24. Rde2 Re7 {
Szilagyi,P-Szily,J/Budapest 1967/EXT 2000/1-0 (39)} {RR} 25. a4 g5 26. Re5 g4
27. fxg4 Rxe5 28. Rxe5 Qg7 29. Qd4 Qxg4 30. h3 Qh4 31. c4 dxc4 32. Qd8+ Kg7 33.
Nd7 f3 34. Qf8+ Kg6 35. Qf5+ Kg7 36. Re4 fxg2+ 37. Kxg2 Qh6 38. Qf8+ Kg6 39.
Rg4+ {1-0 Szilagyi,P-Szily,J/Budapest 1967/EXT 2000 (39)}) 10... Bc5 11. Nxe4
fxe4 12. Nd4 O-O 13. Be3 Qe8 14. c4 Qg6 15. Kh1 Rb8 16. cxd5 cxd5 17. Rc1 Bb4
18. Nc6 Bxe1 19. Ne7+ Kh8 20. Nxg6+ hxg6 21. Qxe1 {
1-0 Gori,A-Cadelli,L/Cesenatico 2000/CBM 78 ext}) 9. Qd3 c5 10. Rxe4 Be7 11. d5
Bxe4 12. Qxe4 O-O 13. Qc4 Re8 14. Nc3 Qc8 15. a3 Rb8 16. b4 cxb4 17. axb4 Ra8
18. Bb2 Qb7 19. Ra4 Bf6 20. Ne4 Be7 21. Ra5 Reb8 22. c3 Ra7 23. Bc1 Raa8 24.
Be3 Re8 25. Ng3 Bd8 26. Ng5 Qc8 27. Qc6 Be7 28. c4 Rb8 29. Rxa6 Qd8 30. N3e4
Rxb4 31. Nd2 Rb8 32. Ngf3 Bf6 33. Ra7 Re7 34. Ng5 Rd7 35. Nge4 Bh4 36. g3 Be7
37. Nc3 Bf6 38. Nb5 Re7 39. Ne4 Rc8 40. Nxf6+ gxf6 41. c5 Kg7 42. f3 dxc5 43.
Bh6+ Kg6 44. Ra4 Rd7 45. Rh4 Rxd5 46. Kg2 Ra8 47. Nc3 Rd4 48. g4 Ra5 49. Ne2
Ra2 50. Kf2 Rc4 51. Rh5 Qd4+ 52. Kg3 Qd6 53. Qe8 Rxg4+ 54. fxg4 Ra8 55. Qxa8
Qd3+ 56. Kf2 Qd4+ 57. Nxd4 f5 58. Qg8+ Kf6 59. Bg5# {23:25 - 27:29} 1-0

[Event "30/move"]
[Site "?"]
[Date "2006.03.31"]
[Round "12"]
[White "Mephisto Miami"]
[Black "Mephisto Milano"]
[Result "0-1"]
[WhiteElo "1966"]
[BlackElo "2010"]
[PlyCount "148"]
[EventDate "2006.03.31"]
[EventType "tourn (rapid)"]
[EventRounds "20"]
[EventCountry "NED"]
[SourceDate "2006.03.12"]

1. d4 d5 2. Nf3 c6 3. c4 e6 4. e3 {Miami letzter Buchzug} Nf6 {
Milano letzter Buchzug} 5. Bd3 Bd6 6. O-O Nbd7 7. Nc3 dxc4 8. Bxc4 Nb6 ({RR} 
8... b5 9. Bd3 Bb7 ({RR} 9... a6 10. e4 e5 11. Ne2 O-O 12. Qc2 c5 13. dxe5 Nxe5
14. Nxe5 Bxe5 15. Rd1 Qc7 16. Ng3 c4 17. Be2 Bb7 18. Bf3 Rfe8 19. Re1 Nd7 {
1/2-1/2 Vavrak,P-Virostko,P/Czechia 2003/EXT 2004}) 10. a4 b4 11. Ne4 Nxe4 12.
Bxe4 O-O 13. Nd2 Rb8 14. g3 Ba6 15. Re1 c5 16. Bc2 cxd4 17. Ne4 d3 18. Bxd3
Bxd3 19. Qxd3 Nc5 20. Nxc5 Bxc5 21. Qb3 Qf6 22. Bd2 Rfd8 23. Red1 {
Kortschnoj,V-Miroshnichenko,E/Warsaw 2002/CBM 92 ext/0-1 (52)} {RR} Rd5 24. Be1
Re5 25. Rd7 h5 26. Rc1 h4 27. Bc3 hxg3 28. hxg3 Rxe3 29. Bxf6 Rxb3 30. Be5 Rc8
31. Kg2 f6 32. Bf4 Rxb2 33. Be3 Bxe3 34. Rxc8+ Kh7 35. Rcc7 Rxf2+ 36. Kh3 Bh6
37. Rxa7 b3 38. Rdb7 {
Kortschnoj,V-Miroshnichenko,E/Warsaw 2002/CBM 92 ext/0-1 (52)}) 9. Bb3 Nbd5
$146 ({RR} 9... Qc7 10. h3 Nbd5 11. a3 O-O 12. Qc2 e5 13. dxe5 Bxe5 14. Bd2 Be6
15. Nxd5 Bxd5 16. Bxd5 Nxd5 17. Rac1 Bf6 18. b4 Be7 19. Qb3 Rad8 20. Bc3 Nxc3
21. Qxc3 Bf6 22. Qc2 Rd6 23. b5 Rfd8 24. bxc6 {
Hohendanner,S-Hackbarth,C/Austria 1996/EXT 98/1/2-1/2 (87)} {RR} Rxc6 25. Qb1
Rc8 26. Rxc6 Qxc6 27. Qb3 b6 28. a4 Qc4 29. Rb1 Qxb3 30. Rxb3 Rc1+ 31. Kh2 Rc4
32. a5 Bd8 33. axb6 Bxb6 34. Rb2 f6 35. Nd4 Kf7 36. Nb5 Kg6 37. Ra2 Rc8 38. Kg3
Rb8 39. Nd4 {Hohendanner,S-Hackbarth,C/Austria 1996/EXT 98/1/2-1/2 (87)}) 10.
Qe2 Nxc3 11. bxc3 Ne4 12. Bb2 O-O 13. Bc2 f5 14. Bxe4 fxe4 15. Nd2 Qf6 16. Qh5
g6 17. Qh6 Qf5 18. Qh4 g5 19. Qxe4 Bd7 20. c4 b6 21. Rad1 Rae8 22. Qb1 e5 23.
Ne4 Bc7 24. dxe5 Bxe5 25. Ba3 c5 26. Nd2 Qxb1 27. Rxb1 Kg7 28. h3 Be6 29. Bb2
Bxb2 30. Rxb2 Bf5 31. Re1 Be6 32. e4 Rd8 33. f3 Rd4 34. Kf2 Rfd8 35. Ke2 Bxc4+
36. Nxc4 Rxc4 37. e5 Kf7 38. Rd2 Rcd4 39. Rxd4 Rxd4 40. g3 Ke6 41. Kf1 Rd3 42.
Kg2 Rd2+ 43. Kg1 Rxa2 44. h4 gxh4 45. gxh4 Ra4 46. Kf2 Rxh4 47. Kg3 Rd4 48. f4
b5 49. Rc1 c4 50. Rb1 Rd5 51. Rh1 Rd7 52. Kf3 Kd5 53. Rd1+ Kc6 54. Rh1 a5 55.
f5 b4 56. f6 Kd5 57. Rd1+ Ke6 58. Rxd7 Kxd7 59. f7 Ke7 60. f8=Q+ Kxf8 61. Ke2
h5 62. Ke3 h4 63. e6 Ke7 64. Kd4 c3 65. Ke3 a4 66. Ke2 c2 67. Kd2 b3 68. Kc1 a3
69. Kd2 a2 70. Ke2 a1=Q 71. Kf3 Qe5 72. Kg4 c1=Q 73. Kxh4 Qh1+ 74. Kg4 Qhh5# {
33:24 - 33:57} 0-1

[Event "30/move"]
[Site "?"]
[Date "2006.03.31"]
[Round "13"]
[White "Mephisto Milano"]
[Black "Mephisto Miami"]
[Result "1-0"]
[WhiteElo "2010"]
[BlackElo "1966"]
[PlyCount "141"]
[EventDate "2006.03.31"]
[EventType "tourn (rapid)"]
[EventRounds "20"]
[EventCountry "NED"]
[SourceDate "2006.03.12"]

1. e4 e5 2. Nf3 Nc6 3. Bb5 a6 4. Ba4 d6 {Miami letzter Buchzug} 5. c3 {
Milano letzter Buchzug} Nf6 6. Bxc6+ ({RR} 6. Bc2 Be7 ({RR} 6... Bg4 7. h3 Bh5
8. d3 Be7 9. Nbd2 h6 10. Nf1 d5 11. exd5 Qxd5 12. Ng3 Bxf3 13. Qxf3 Qxf3 14.
gxf3 O-O-O 15. f4 g6 16. fxe5 Nxe5 17. d4 Nf3+ 18. Ke2 Nh4 19. Rg1 Bd6 20. f4
Rhe8+ 21. Kd1 {Sanchez Ruano,J-Vega Palacio,J/Oviedo 2003/EXT 2004/0-1 (63)} {
RR} c5 22. f5 Nf3 23. Rf1 Re1+ 24. Rxe1 Nxe1 25. Kxe1 Bxg3+ 26. Ke2 cxd4 27.
cxd4 g5 28. Bb3 Rxd4 29. Bxf7 Rh4 30. Be6+ Kc7 31. Bd2 Re4+ 32. Kf3 Bf4 33.
Rc1+ Kd6 34. Rd1 Ke7 35. Rc1 Bxd2 36. Rc7+ {
Sanchez Ruano,J-Vega Palacio,J/Oviedo 2003/EXT 2004/0-1 (63)}) 7. h3 O-O 8. d4
exd4 9. cxd4 Nb4 10. O-O Nxc2 11. Qxc2 d5 12. Nc3 Nxe4 13. Nxe4 dxe4 14. Qxe4
Be6 15. Re1 c6 16. Be3 Bd5 17. Qg4 f5 18. Qh5 g6 19. Qh6 Bxf3 20. gxf3 Bf6 {
Panikarovsky,A-Ditiatev,S/Cherepovets 1997/EXT 99/0-1} {RR} 21. Rad1 Qd5 22.
Kg2 Qxa2 23. Bg5 Bg7 {0-1 Panikarovsky,A-Ditiatev,S/Cherepovets 1997/EXT 99})
6... bxc6 7. Qe2 $146 ({RR} 7. d4 exd4 8. Bg5 Be7 9. Nxd4 Bd7 10. O-O O-O 11.
Nd2 Re8 12. Nf5 Bxf5 13. exf5 Qd7 14. Qc2 Nd5 15. Bxe7 Rxe7 16. Rae1 Rae8 17.
Re4 Nf6 18. Rxe7 Qxe7 19. Nf3 Qe2 20. Qc1 Qe4 21. Qb1 Kf8 {
Pendell,C-Maring,L/East Lansing 1982/EXT 2003/1-0 (66)} {RR} 22. Qxe4 Rxe4 23.
Re1 Rxe1+ 24. Nxe1 d5 25. Nd3 a5 26. f3 Nd7 27. b4 a4 28. Kf2 Ke7 29. Ke3 Kd6
30. Kd4 f6 31. f4 g6 32. fxg6 hxg6 33. h4 a3 34. g4 Nb6 35. h5 gxh5 36. gxh5
Ke6 {Pendell,C-Maring,L/East Lansing 1982/EXT 2003/1-0 (66)}) 7... Bb7 8. d4 c5
9. dxe5 Nxe4 10. exd6 cxd6 11. Nfd2 Qe7 12. O-O O-O-O 13. Nxe4 Qxe4 14. Qxe4
Bxe4 15. Nd2 Bd3 16. Re1 d5 17. Nb3 c4 18. Nd4 Bd6 19. Bg5 Rde8 20. Rad1 h6 21.
Be3 Kd7 22. b3 Re7 23. Ne2 Rhe8 24. Nc1 f5 25. Nxd3 cxd3 26. g3 g5 27. Rf1 f4
28. Bc1 Re2 29. Rxd3 Ke6 30. gxf4 gxf4 31. Kg2 Be5 32. Rfd1 Rxa2 33. Rxd5 Rb8
34. Rc5 Kf6 35. Re1 Rc2 36. Rcxe5 Rxc1 37. Re6+ Kf7 38. Re7+ Kf8 39. Re8+ Rxe8
40. Rxc1 Rb8 41. Rb1 Rd8 42. Ra1 Rd3 43. Rxa6 Rxc3 44. Rxh6 f3+ 45. Kg3 Rxb3
46. Rf6+ Kg7 47. Rf5 Kg6 48. Rxf3 Rb1 49. Kg4 Rb4+ 50. Rf4 Rb1 51. Rf8 Kg7 52.
Rf3 Kg6 53. h4 Rb4+ 54. Rf4 Rxf4+ 55. Kxf4 Kh5 56. Kf5 Kxh4 57. f4 Kg3 58. Kg5
Kf3 59. f5 Ke4 60. f6 Ke5 61. f7 Ke6 62. f8=Q Kd5 63. Kf4 Kc4 64. Ke4 Kc3 65.
Qc8+ Kb4 66. Qc6 Kb3 67. Ke5 Kb4 68. Kd5 Ka5 69. Qb7 Ka4 70. Kc4 Ka5 71. Qa7# {
33:10 - 36:15} 1-0

[Event "30/move"]
[Site "?"]
[Date "2006.03.31"]
[Round "14"]
[White "Mephisto Miami"]
[Black "Mephisto Milano"]
[Result "1-0"]
[WhiteElo "1966"]
[BlackElo "2010"]
[PlyCount "151"]
[EventDate "2006.03.31"]
[EventType "tourn (rapid)"]
[EventRounds "20"]
[EventCountry "NED"]
[SourceDate "2006.03.12"]

1. e4 e5 2. Nf3 Nc6 3. Bc4 Bc5 4. c3 Nf6 5. d4 exd4 6. cxd4 Bb4+ 7. Bd2 Bxd2+
8. Nbxd2 d5 9. exd5 Nxd5 10. Qb3 {Miami letzter Buchzug} Na5 11. Qa4+ Nc6 {
Milano letzter Buchzug} 12. Bb5 Bd7 13. O-O O-O 14. Qb3 Nb6 $146 ({RR} 14...
Nf6 15. Qc3 Ne7 16. Bc4 Ned5 17. Qc2 c6 18. Rfe1 h6 19. Nb3 Qb6 20. Nc5 Rad8
21. Ne5 Bc8 22. a3 Qc7 23. Rad1 Qd6 24. Ba2 b6 25. Ncd3 Bb7 26. Bb1 Rfe8 27. h3
Re7 28. Nc4 Rxe1+ 29. Rxe1 {Honfi,K-Sutterer,R/Bad Wildbad 1993/EXT 97/1-0 (39)
}) 15. Rfe1 a6 16. Bd3 Be6 17. Qc2 g6 18. Be4 Bd5 19. a3 f5 20. Bxd5+ Qxd5 21.
Ne5 Rf6 22. Ndf3 f4 23. Re4 Raf8 24. Rae1 Kh8 25. b4 a5 26. bxa5 Qxa5 27. Qb3
Nxe5 28. dxe5 R6f7 29. e6 Re7 30. Rd1 Qf5 31. Qc3+ Kg8 32. Ree1 Ra8 33. Re2 Na4
34. Qc4 Qc5 35. Qxf4 Nc3 36. Re5 Qxa3 37. Rd7 Qa1+ 38. Ne1 Qa3 39. Re3 Rf8 40.
Qh4 Rxd7 41. exd7 Qd6 42. Rxc3 Qxd7 43. Re3 Rf7 44. Qb4 c6 45. Nd3 Qd8 46. Ne5
Rf5 47. Re1 Qa8 48. Qc4+ Kg7 49. Qc3 Kg8 50. Ng4 Qf8 51. Qb3+ Kh8 52. Qxb7 Rf4
53. Qxc6 Qg7 54. h3 Rf8 55. Ne5 Qa7 56. Qc2 Qb7 57. Qc3 Kg8 58. Rd1 Rc8 59. Qg3
Qe7 60. Rd7 Qe6 61. Qh4 Rc1+ 62. Kh2 Qxe5+ 63. f4 Qg7 64. Rxg7+ Kxg7 {
Milano gibt auf} 65. Qe7+ Kg8 66. f5 gxf5 67. Qg5+ Kf7 68. Qxc1 Kg6 69. Kg3 Kg7
70. Qg5+ Kh8 71. Kf4 h6 72. Qxh6+ Kg8 73. Kxf5 Kf7 74. Qh7+ {# in 3} Ke8 {
# in -2} 75. Ke6 Kd8 76. Qd7# {35:25 - 35:01} 1-0

[Event "30/move"]
[Site "?"]
[Date "2006.03.31"]
[Round "15"]
[White "Mephisto Milano"]
[Black "Mephisto Miami"]
[Result "1-0"]
[WhiteElo "2010"]
[BlackElo "1966"]
[PlyCount "145"]
[EventDate "2006.03.31"]
[EventType "tourn (rapid)"]
[EventRounds "20"]
[EventCountry "NED"]
[SourceDate "2006.03.12"]

1. c4 e5 2. Nc3 Nf6 3. Nf3 e4 4. Ng5 b5 5. d3 Bb7 {Miami letzter Buchzug} ({RR
} 5... exd3 6. cxb5 h6 7. Nf3 dxe2 8. Bxe2 Bc5 ({RR} 8... a6 9. O-O Be7 10. Nd4
O-O 11. Bf3 d5 12. Qb3 axb5 13. Nxd5 Nxd5 14. Bxd5 Ra6 15. Rd1 b4 16. Bf4 Bd6
17. Nb5 Rb6 18. Nxd6 cxd6 19. Qg3 Qf6 20. Rac1 Nd7 21. Be3 Ra6 22. Bc4 Rc6 23.
Bxf7+ {Kosten,A-Salem,Z/Cairo 2003/CBM 94 ext/1-0 (41)} {RR} Qxf7 24. Rxc6 Nf6
25. Qxd6 Bg4 26. f3 Bd7 27. Rcc1 Qxa2 28. Qxb4 Qf7 29. Qb7 Re8 30. Bd4 Re2 31.
Qb8+ Kh7 32. Bxf6 Qxf6 33. Rxd7 Qg5 34. Rxg7+ Qxg7 35. Rc7 Re7 36. Rxe7 Qxe7
37. h3 Qe1+ 38. Kh2 {Kosten,A-Salem,Z/Cairo 2003/CBM 94 ext/1-0 (41)}) 9. Nd4
Bb7 10. O-O O-O 11. Be3 Bxd4 12. Bxd4 d6 13. Bf3 Bxf3 14. Qxf3 Nbd7 15. Qc6 Ne5
16. Bxe5 dxe5 17. Rad1 Qe7 18. Nd5 Nxd5 19. Rxd5 e4 20. Rd7 {
Zagorskis,D-Garcia Ilundain,D/Yerevan 1996/EXT 97/1/2-1/2 (47)} {RR} Qe5 21. a4
Qxb2 22. Qxe4 a6 23. Qd5 axb5 24. Rxf7 Rxf7 25. Qxa8+ Kh7 26. Qd5 Rf6 27. Qd3+
Kg8 28. axb5 Qe5 29. h3 Qc5 30. Qe2 Rf5 31. Rb1 Re5 32. Qd3 Rf5 33. Qd2 Re5 34.
Qd3 Rf5 35. Qd2 {Zagorskis,D-Garcia Ilundain,D/Yerevan 1996/EXT 97/1/2-1/2 (47)
}) 6. Ngxe4 {Milano letzter Buchzug} Nxe4 $146 ({RR} 6... bxc4 7. g3 cxd3 8.
exd3 Bb4 9. Bg2 Nxe4 10. dxe4 Qf6 11. O-O Bxc3 12. bxc3 O-O 13. Bf4 Qc6 14. Rb1
Na6 15. Qd5 Nc5 16. c4 d6 17. e5 Qxd5 18. cxd5 Ba6 19. exd6 Bxf1 20. Bxf1 g5
21. dxc7 {Uhlmann,W-Bellon Lopez,J/Bucharest 1978/MCD/1-0} {RR} gxf4 22. d6 f3
23. Rc1 Nd7 24. Bb5 Nb6 25. d7 Kg7 26. Bc6 Rad8 27. cxd8=Q Rxd8 28. Re1 Rb8 29.
h4 Kf6 30. g4 {1-0 Uhlmann,W-Bellon Lopez,J/Bucharest 1978/MCD}) 7. dxe4 bxc4
8. Qd4 Nc6 9. Qxc4 Bb4 10. Bf4 Rb8 11. e3 O-O 12. Be2 Re8 13. O-O Bxc3 14. bxc3
Ne5 15. Qc5 Bxe4 16. Qxa7 Rb7 17. Qd4 Ng6 18. Bg3 Rb2 19. Rfe1 Bc6 20. c4 Rb4
21. Qc3 Ra4 22. Bd1 Ra8 23. Bc2 Nh4 24. f3 Ba4 25. Be4 Ra7 26. Qd4 Ra6 27.
Bxh7+ Kxh7 28. Bxh4 Qc8 29. Bg3 d6 30. c5 dxc5 31. Qxc5 c6 32. Qh5+ Kg8 33. e4
c5 34. Rac1 c4 35. Rc3 Rd8 36. Rec1 Rd1+ 37. Rxd1 Bxd1 38. Qd5 Ba4 39. Rxc4 Bc6
40. Qb5 Qa8 41. Qb8+ Qxb8 42. Bxb8 Bd7 43. Rc7 Be6 44. Ra7 Rxa7 45. Bxa7 Bxa2
46. Bd4 Be6 47. Kf2 f5 48. exf5 Bxf5 49. Bxg7 Kxg7 50. g4 Bc8 51. Kg3 Bb7 52.
f4 Kf6 53. h4 Kg7 54. f5 Kh6 55. Kf4 Bd5 56. Ke5 Bg8 57. Kf6 Bd5 58. g5+ Kh5
59. Kg7 Bc6 60. f6 Kxh4 61. Kh6 Bd5 62. g6 Kg4 63. f7 Bc4 64. f8=Q Bd5 65. Qc5
Be6 66. Qg5+ Kf3 67. Qf6+ Kg3 68. Qxe6 Kf3 69. g7 {# in 4} Kf2 70. g8=Q Kf1 71.
Qgf7+ Kg2 72. Qg4+ Kh1 73. Qfh5# {33:23 - 34:21} 1-0